| 000 | 00690nam a2200241 a 4500 | ||
|---|---|---|---|
| 001 | 32427 | ||
| 003 | BD-RjUL | ||
| 005 | 20211209051832.0 | ||
| 008 | 140426t19981993ii a 000 0 eng d | ||
| 020 | _a8172311613 (v.1) | ||
| 020 | _a8172311761 (v.2) | ||
| 035 | _aBD-RjUL)32516 | ||
| 040 |
_aXTM _cXTM _dCUD _dBD-RjUL _beng |
||
| 041 | _aeng | ||
| 082 | 0 | 4 |
_221 _a297.283 _bDEC |
| 100 | 1 |
_aDeedat, Ahmed. _998662 |
|
| 245 | 1 | 4 |
_aThe choice : _bIslam and Christianity / _cAhmed Deedat. |
| 260 |
_aNew Delhi : _bIslamic book service, _c1993-1998. |
||
| 300 |
_aV. : _bill. ; _c22 cm. |
||
| 505 | 0 | _aVol. 1 -- v. 2 -- | |
| 650 | 0 |
_aIslam _xRelations _xChristianity. _95519 |
|
| 942 |
_2ddc _cBK |
||
| 999 |
_c32427 _d32427 |
||